[Event "Perth Metro CC-chB"]
[Site "Perth"]
[Date "2006.02.02"]
[Round "1"]
[White "Humphries, Ryan"]
[Black "Khan, N."]
[Result "0-1"]
[WhiteElo "1555"]
[BlackElo "1774"]
[PlyCount "46"]
[EventDate "2006.02.02"]
[EventType "tourn"]
[EventRounds "11"]
[EventCountry "AUS"]
[SourceTitle "EXT 2010"]
[Source "ChessBase"]
[SourceDate "2010.11.25"]
[SourceVersion "1"]
[SourceVersionDate "2010.11.25"]
[SourceQuality "1"]

1. e4 c5 2. Nf3 d6 3. d4 cxd4 4. Nxd4 Nf6 5. Nc3 a6 6. Be3 e6 7. Be2 Be7 8. 0-0 b5 9. a3 Bb7 10. f3 Qc7 11. Nb3 d5 12. exd5 Nxd5 13. Nxd5 Bxd5 14. c3 0-0 15. a4 bxa4 16. Rxa4 Rd8 17. Qc2 Nc6 18. Rxa6 Rxa6 19. Bxa6 Nb4 20. Qf2 Nxa6 21. Bb6 Qb8 22. Bxd8 Bxd8 23. f4 Bxb3 0-1